Ciudades que son capitales - muerte súbita - Estadísticas

Estadísticas generales
  • Esta prueba ha sido intentada 219 veces
  • La puntuación promedio es 11 de 17
Answers on the Grid
Answers color-coded by a green-red scale on the quiz's grid according to % correct below.
Zúrich
Sídney
Nueva York
Toronto
Río de Janeiro
São Paulo
Lagos
Ankara
Vaduz
Astaná
Madrid
Shanghái
Auckland
Dubái
Calcuta
Los Ángeles
Lima
Canberra
Yakarta
Liechtenstein
Santiago
Ciudad de México
Singapur
Argel
Asmara
Lomé
Trípoli
Acra
Londres
Praga
 
Estadísticas de respuestas
Respuesta % Correcto
Madrid
83%
Londres
81%
Lima
80%
Ciudad de México
75%
Ankara
74%
Praga
74%
Singapur
70%
Vaduz
70%
Canberra
68%
Yakarta
67%
Argel
64%
Santiago
64%
Astaná
59%
Trípoli
58%
Acra
57%
Lomé
50%
Asmara
46%
No se encontraron pruebas coincidentes
Distribución de puntuación
Porcentaje de gente con cada puntuación
Porcentaje por número respondido
Historial de tus puntuaciones
No has intentado esta prueba.